| 000 | 00509nam a22001932 4500 | ||
|---|---|---|---|
| 001 | 0000002855 | ||
| 005 | 20151217155204.0 | ||
| 008 | 070420s xx 000 0 eng d | ||
| 020 |
_a0821747940 : _cKES 110 |
||
| 040 |
_aKABU _cKABU |
||
| 050 | 0 |
_aPS3557 _b.R198L5 |
|
| 100 | 1 |
_aDrake, Shannon. _@0000152358 |
|
| 245 | 1 | 0 | _aLie down in roses. |
| 260 |
_aNew York : _bKeusungton, _c1988. |
||
| 300 | _a507 p. | ||
| 908 | _a070420 | ||
| 950 | _@1 | ||
| 999 |
_c11879 _d11879 |
||